Statistiche per Piloti F1 2016

Clicka qui per fare il quiz!

Statistiche generali

  • Questo quiz è stato fatto 227 volte
    (40 dall'ultimo reset)
  • Il punteggio medio è 15 su 24

Statistiche sulle risposte

NumeroPilotaScuderia% Corretto
5Sebastian VettelScuderia Ferrari
100%
3Daniel RicciardoRed Bull Racing
97%
7Kimi RaikkonenScuderia Ferrari
97%
14Fernando AlonsoMcLaren Honda
93%
44Lewis HamiltonMercedes AMG Petronas
93%
6Nico RosbergMercedes AMG Petronas
90%
11Sergio PerezSahara Force India
87%
33Max VerstappenScuderia Toro Rosso / Red Bull Racing
83%
55Carlos Sainz JrScuderia Toro Rosso
80%
20Kevin MagnussenRenault Sport
73%
77Valtteri BottasWilliams Martini Racing
73%
27Nico HulkenbergSahara Force India
70%
8Romain GrosjeanHaas
70%
19Felipe MassaWilliams Martini Racing
67%
22Jenson ButtonMcLaren Honda
50%
31Esteban OconManor Racing MRT
40%
9Marcus EricssonSauber
40%
47Stoffel VandoorneMcLaren Honda
37%
30Jolyon PalmerRenault Sport
33%
21Esteban GutierrezHaas
23%
94Pascal WehrleinManor Racing MRT
23%
26Daniil KvjatRed Bull Racing / Scuderia Toro Rosso
20%
12Felipe NasrSauber
17%
88Rio HaryantoManor Racing MRT
17%

Distribuzione punteggi

Percentile per numero di risposta

Percentuale di utenti per punteggio

I tuoi punteggi nel tempo

Non hai fatto questo quiz dall'ultimo reset